000 004270000a22001810004500
003 LK-CoMWRAF
008 230817t ||||| |||| 00| 0 eng d
020 _a9559687204
040 _aLK-CoMWRAF
_dLK-CoMWRAF
_eLK-CoMWRAF
041 _aeng
082 _a021
_bVIT
100 _aVitanage, Mettika
245 _aKadavurin Nikma
_b
260 _aNugegoda
_bChavi Books
_c1999
300 _ap.130
650 _aSinhala
942 _cBK
999 _c212
_d212